Normal view
MARC view
- Entropy and Information Page 1
Entry Geographic Name
001 - CONTROL NUMBER
- control field: 3108
003 - CONTROL NUMBER IDENTIFIER
- control field: NUST
005 - DATE AND TIME OF LATEST TRANSACTION
- control field: 20170622131548.0
008 - FIXED-LENGTH DATA ELEMENTS
- fixed length control field: 170622|| aca||aabn | a|a d
040 ## - CATALOGING SOURCE
- Original cataloging agency: NUST
- Transcribing agency: NUST
151 ## - HEADING--GEOGRAPHIC NAME
- Geographic name: Entropy and Information Page 1
- General subdivision: Information Channels Page 51
- General subdivision: Source Coding Page 105
670 ## - SOURCE DATA FOUND
- Source citation: Work cat.: (NUST)24036: Roberto. Togneri 3104, Fundamentals of information theory and coding design /, c2002.
